|
|
|
|
| LEADER |
00000ny a22000003n 4500 |
| 005 |
2011062301291.0 |
| 006 |
m u |
| 007 |
cr cn||||||||| |
| 008 |
200806r20072008sp |||||s|||||||||||spa d |
| 020 |
|
|
|a 9788498490114
|
| 035 |
|
|
|a 2306
|
| 040 |
|
|
|a FlNmELB
|c FlNmELB
|d vLex
|
| 050 |
1 |
4 |
|a KKT564.3
|b M386 2007eb
|
| 080 |
|
|
|a 347.440:641642(460)
|
| 090 |
|
|
|c 1176
|d 1176
|
| 100 |
1 |
|
|a Martn̕ez Ortega, Juan Carlos
|
| 245 |
1 |
3 |
|a El contrato de alimentos
|h [Recurso electrn̤ico]
|b formularios y recopilacin̤ de jurisprudencia /
|c Juan Carlos Martn̕ez Ortega
|
| 256 |
|
|
|a Servicio en ln̕ea
|
| 260 |
|
|
|a Madrid :
|b Dykinson,
|c 2007
|
| 300 |
|
|
|a 9-99 p
|
| 506 |
1 |
|
|a Contenido solo disponible en los productos indicados
|d vLex Global
|d vLex Global (Academic Edition, excluding Law Schools)
|d vLex Global (U.S. Academic Edition, Law Schools)
|d vLex Global (U.S. Academic Edition, excluding Law Schools)
|d vLex Global (Academic Edition, Law Schools)
|
| 650 |
0 |
7 |
|a Contratos
|2 Tesauro vLex
|
| 650 |
0 |
7 |
|a Civil
|2 Tesauro vLex
|
| 650 |
0 |
7 |
|a Alimentos
|2 Tesauro vLex
|
| 650 |
0 |
7 |
|a Familia
|2 Tesauro vLex
|
| 650 |
0 |
7 |
|a Derecho de alimentos
|2 Tesauro vLex
|
| 650 |
0 |
7 |
|a Obligaciones de alimentos
|2 Tesauro vLex
|
| 740 |
0 |
|
|a vLex Libros (Servicios en ln̕ea)
|
| 856 |
4 |
0 |
|z Acceso restringido
|u http://vlex.com/source/contrato-alimentos-2306
|
| 942 |
|
|
|c BOOK
|